[Event "World Blitz Women 2025"]
[Site "Doha QAT"]
[Date "2025.12.29"]
[Round "10.61"]
[White "Li, Xueyi"]
[Black "Mikheeva, Galina"]
[Result "0-1"]
[WhiteTitle "WGM"]
[BlackTitle "FM"]
[WhiteElo "2202"]
[BlackElo "2122"]
[WhiteFideId "8605912"]
[BlackFideId "44108320"]
[EventDate "2025.12.29"]

1. d4 d5 2. c4 e6 3. Nf3 Nf6 4. g3 dxc4 5. Bg2 Bb4+ 6. Bd2 a5 7. Qc2 Bxd2+ 8.
Qxd2 c6 9. a4 O-O 10. Ne5 Na6 11. Na3 Nb4 12. Rd1 Qc7 13. Naxc4 Rd8 14. O-O Bd7
15. Nd3 Nxd3 16. Qxd3 Nd5 17. e4 Nb4 18. Qe2 b5 19. axb5 cxb5 20. Ne3 Qb6 21. d5
exd5 22. exd5 Rac8 23. Qh5 Qg6 24. Qxg6 hxg6 25. d6 a4 26. h4 Kf8 27. Rd4 Nc2
28. Rf4 Be8 29. Bh3 Rc5 30. Rd1 Nxe3 31. fxe3 Bd7 32. Bg2 Rc4 33. Rf2 f6 34. Bd5
Rc5 35. e4 Bg4 36. Re1 Rxd6 37. Ba2 Re5 38. Rf4 Bd7 39. g4 Rd2 40. g5 Ke7 41.
gxf6+ gxf6 42. Ref1 Rxb2 43. Bd5 f5 44. Ba8 a3 45. exf5 Bxf5 46. h5 a2 47. hxg6
Bxg6 48. Rg4 Rb1 0-1

[Event "World Blitz Women 2025"]
[Site "Doha QAT"]
[Date "2025.12.29"]
[Round "10.62"]
[White "Khalil, Manar"]
[Black "Mgeladze, Kesaria"]
[Result "1-0"]
[WhiteTitle "WFM"]
[BlackTitle "WIM"]
[WhiteElo "1925"]
[BlackElo "2195"]
[WhiteFideId "7604661"]
[BlackFideId "13621130"]
[EventDate "2025.12.29"]

1. e4 e6 2. d4 d5 3. Nd2 c5 4. exd5 Qxd5 5. Ngf3 cxd4 6. Bc4 Qd8 7. Nb3 Qc7 8.
Qxd4 Nc6 9. Bb5 Bd7 10. Qd1 Nf6 11. O-O Bd6 12. h3 a6 13. Bd3 Nb4 14. Nbd4 Nxd3
15. Qxd3 O-O 16. Re1 e5 17. Nf5 Bxf5 18. Qxf5 e4 19. Nd4 Rae8 20. Qg5 Re5 21.
Nf5 Ne8 22. g4 f6 23. Qe3 Bc5 24. Qc3 g6 25. Ng3 Nd6 26. Be3 Bb6 27. Bxb6 Qxb6
28. Qb3+ Qxb3 29. axb3 f5 30. Rad1 Rf6 31. f4 Rc5 32. g5 Re6 33. c3 Rc8 34. Rd5
Kf7 35. Red1 Ke7 36. Ne2 Rc7 37. Nd4 Nb5 38. Nxe6 Kxe6 39. c4 a5 40. Rxb5 Re7
41. Rxa5 Rc7 42. Rdd5 Kf7 43. Rab5 Re7 44. Kf2 e3+ 45. Ke2 Kg7 46. Re5 1-0

[Event "World Blitz Women 2025"]
[Site "Doha QAT"]
[Date "2025.12.29"]
[Round "10.63"]
[White "Shubenkova, Veronika"]
[Black "Zvereva, Marija"]
[Result "1-0"]
[WhiteTitle "WFM"]
[BlackTitle "WIM"]
[WhiteElo "2013"]
[BlackElo "2007"]
[WhiteFideId "44124040"]
[BlackFideId "4121082"]
[EventDate "2025.12.29"]

1. d4 Nf6 2. e3 d6 3. Nf3 Nbd7 4. b3 g6 5. Bb2 Bg7 6. c4 c6 7. Nc3 Qc7 8. Be2 e5
9. Qc2 O-O 10. Rd1 a6 11. O-O Re8 12. dxe5 dxe5 13. e4 Nc5 14. b4 Ne6 15. c5 Nd4
16. Qd3 Be6 17. Na4 Nxf3+ 18. Bxf3 Bxa2 19. Qd6 Qxd6 20. Rxd6 Re7 21. Nb6 Rae8
22. Rfd1 Bb3 23. R1d2 Bh6 24. R2d3 Be6 25. Bxe5 Ng4 26. Bg3 f5 27. Bxg4 fxg4 28.
Rd8 Bc1 29. Rd1 Ba3 30. Bh4 Kf7 31. Bxe7 Rxe7 32. R8d4 Bb2 33. R4d3 h5 34. h3
gxh3 35. gxh3 Kf6 36. Nd7+ Kg5 37. Nf8 Bc4 38. Rg3+ Kh4 39. Nxg6# 1-0

[Event "World Blitz Women 2025"]
[Site "Doha QAT"]
[Date "2025.12.29"]
[Round "10.64"]
[White "Parnali, S Dharia"]
[Black "Alsemairi, Dalia"]
[Result "1-0"]
[WhiteTitle "WIM"]
[BlackTitle "WCM"]
[WhiteElo "2150"]
[BlackElo "1802"]
[WhiteFideId "5043131"]
[BlackFideId "21511217"]
[EventDate "2025.12.29"]

1. d4 d5 2. c4 e6 3. g3 Nf6 4. Nf3 Be7 5. Bg2 c6 6. Qc2 O-O 7. Nbd2 Nbd7 8. O-O
b6 9. Rd1 Bb7 10. e4 dxc4 11. Nxc4 Rc8 12. Bg5 h6 13. Bf4 Re8 14. Bd6 c5 15. e5
Nd5 16. Bxe7 Rxe7 17. Nd6 Rc7 18. Qe2 cxd4 19. Nxd4 Qa8 20. Be4 Nxe5 21. Qh5 Ng6
22. Bxg6 fxg6 23. Qxg6 Nf6 24. Nxb7 Qxb7 25. Nb5 Rc2 26. Qxc2 e5 27. Rd8+ Kf7
28. Nd6+ Ke6 29. Qf5+ 1-0

[Event "World Blitz Women 2025"]
[Site "Doha QAT"]
[Date "2025.12.29"]
[Round "10.65"]
[White "Sawan, Eman"]
[Black "Nordahl, Christine"]
[Result "1/2-1/2"]
[WhiteTitle "WFM"]
[WhiteElo "1960"]
[BlackElo "1835"]
[WhiteFideId "11511729"]
[BlackFideId "1557939"]
[EventDate "2025.12.29"]

1. e4 c5 2. Nf3 Nc6 3. Bb5 g6 4. O-O Bg7 5. Re1 e5 6. b4 cxb4 7. a3 bxa3 8. Bxa3
Nge7 9. Bd6 Qb6 10. Nc3 a6 11. Nd5 Nxd5 12. exd5 Qxb5 13. dxc6 dxc6 14. d4 Be6
15. Rb1 Qd5 16. Bxe5 O-O 17. Rxb7 Bxe5 18. Rxe5 Qd8 19. Qd2 Rb8 20. Rxb8 Qxb8
21. h3 Bd5 22. Nh2 Be6 23. Nf3 Bd5 24. Nh2 Be6 25. Re1 Rd8 26. Nf3 Qb2 27. Qh6
Rxd4 28. Nxd4 Qxd4 29. Rb1 Qd8 30. Qf4 Qe7 31. Qe5 f6 32. Rb8+ Kg7 33. Qb2 Bf7
34. Rb7 Qe1+ 35. Kh2 Qxf2 36. Qc3 Qf4+ 37. Qg3 Qf5 38. Qc7 Qd5 39. Ra7 a5 40.
Rxa5 Qc4 41. Ra7 c5 42. Qe7 Qf4+ 43. Kg1 Qc1+ 44. Kf2 Qxc2+ 45. Qe2 Qf5+ 46. Kg1
c4 47. Qe7 Qd5 48. Qc7 Qd4+ 49. Kh2 Qd5 50. Rb7 Qe6 51. Qg3 Qd5 52. Rc7 Qe6 53.
Rc5 Qe4 54. Rc7 Qd5 55. Rc8 Qe5 56. Qxe5 fxe5 57. Kg3 Kf6 58. Kf3 Bd5+ 59. Kf2
Kf5 60. Rc5 Ke4 61. Rc7 h6 62. g4 Kd4 63. h4 h5 64. gxh5 gxh5 65. Rh7 c3 66. Ke2
e4 67. Rc7 Be6 68. Kd1 Bb3+ 69. Kc1 Kd3 70. Rd7+ Ke2 71. Rb7 Ba4 72. Rb4 Bc6 73.
Rc4 Bd5 74. Rxc3 e3 75. Rc5 Bf3 76. Re5 Kf2 77. Kc2 e2 78. Kd2 Kg3 79. Re3 Kf2
80. Re5 Kg3 81. Re3 Kg4 82. Rc3 Kg3 83. Re3 Kf2 84. Re5 Kg3 1/2-1/2

[Event "World Blitz Women 2025"]
[Site "Doha QAT"]
[Date "2025.12.29"]
[Round "10.66"]
[White "Jimenez Fernandez, Rebeca"]
[Black "Skaslien, Ingrid"]
[Result "1-0"]
[WhiteTitle "WFM"]
[WhiteElo "2137"]
[BlackElo "2029"]
[WhiteFideId "32070934"]
[BlackFideId "1520660"]
[EventDate "2025.12.29"]

1. e4 e5 2. d4 exd4 3. Qxd4 Nc6 4. Qe3 d6 5. Nc3 Nf6 6. Bd2 Be6 7. O-O-O g6 8.
f4 Qe7 9. Bb5 Bg7 10. Nf3 a6 11. Ba4 b5 12. Bb3 O-O 13. Nd5 Bxd5 14. exd5 Qxe3
15. Bxe3 Na5 16. Bd4 Rfe8 17. Bxf6 Bxf6 18. Rhe1 Nxb3+ 19. axb3 Rec8 20. Nd4
Bxd4 21. Rxd4 Re8 22. Rde4 Kf8 23. Kd2 f5 24. R4e3 Rxe3 25. Rxe3 Rc8 26. Rc3 Ke7
27. Rc6 a5 28. Ra6 a4 29. bxa4 bxa4 30. Rxa4 Rb8 31. b3 Rb5 32. Rd4 Ra5 33. Kc3
Rc5+ 34. Kb2 c6 35. dxc6 Rxc6 36. c4 Ke6 37. Kc3 Rc5 38. Rd3 Ra5 39. Re3+ Kd7
40. Kd4 Ra1 41. Re2 Rd1+ 42. Kc3 Rf1 43. g3 Rf3+ 44. Kb4 Rf1 45. Ka4 Ra1+ 46.
Kb5 Rd1 47. b4 d5 48. c5 Rc1 49. Kb6 d4 50. b5 d3 51. Rd2 Rc3 52. c6+ Kc8 53.
Ka5 Kc7 54. Kb4 Rc2 55. Rxd3 Rxh2 56. Rd7+ Kc8 57. Kc5 Rg2 58. Rxh7 Rxg3 59. Rg7
Rg4 60. Kd6 1-0

[Event "World Blitz Women 2025"]
[Site "Doha QAT"]
[Date "2025.12.29"]
[Round "10.67"]
[White "Rouda Essa, Alserkal"]
[Black "Echcharbiny, Wissal"]
[Result "1-0"]
[WhiteTitle "WGM"]
[WhiteElo "2052"]
[BlackElo "1726"]
[WhiteFideId "9314318"]
[BlackFideId "9014853"]
[EventDate "2025.12.29"]

1. e4 c6 2. d4 d5 3. e5 Bf5 4. Nc3 e6 5. Nf3 c5 6. Bb5+ Nc6 7. O-O a6 8. Bxc6+
bxc6 9. Be3 cxd4 10. Nxd4 Ne7 11. g4 Bg6 12. f4 Qc8 13. Nb3 h6 14. Na4 Rb8 15.
Nac5 Be4 16. c4 Ng6 17. Nxe4 dxe4 18. Qc2 Be7 19. Qxe4 Qc7 20. Bd4 c5 21. Bc3
O-O 22. f5 Nh4 23. f6 gxf6 24. exf6 Bd6 25. Rf2 Ng6 26. Raf1 Rbd8 27. Qe3 Kh7
28. Bd2 Rh8 29. Qxh6+ Kg8 30. Qg7# 1-0

[Event "World Blitz Women 2025"]
[Site "Doha QAT"]
[Date "2025.12.29"]
[Round "10.68"]
[White "Druzhinina, Olga"]
[Black "Al-Khulaifi, Ghada"]
[Result "1-0"]
[WhiteTitle "WFM"]
[BlackTitle "WCM"]
[WhiteElo "2175"]
[BlackElo "1630"]
[WhiteFideId "4141911"]
[BlackFideId "12100633"]
[EventDate "2025.12.29"]

1. e4 c6 2. d4 d5 3. exd5 cxd5 4. Bd3 Nc6 5. c3 Nf6 6. h3 e6 7. Nf3 Bd6 8. O-O
O-O 9. Re1 Re8 10. Be3 e5 11. dxe5 Nxe5 12. Nxe5 Bxe5 13. Nd2 Qc7 14. Nf3 Bd6
15. Qc2 Bd7 16. Rad1 Bc6 17. Nd4 Bd7 18. Bg5 Nh5 19. Bxh7+ Kh8 20. Bd3 Nf4 21.
Bxf4 Bxf4 22. Bf5 Bh6 23. Qd3 Qb6 24. Bxd7 Rxe1+ 25. Rxe1 Qxb2 26. Nf5 Bd2 27.
Rd1 Bxc3 28. Qxd5 Rd8 29. Qxf7 Qe2 30. Rc1 Be5 31. Rf1 Qd3 32. Qh5+ Kg8 33. Be6+
Kf8 34. Qf7# 1-0

[Event "World Blitz Women 2025"]
[Site "Doha QAT"]
[Date "2025.12.29"]
[Round "10.69"]
[White "Fawaz, Nadia"]
[Black "Alotaibi, Maitha Abdulrahman A"]
[Result "1-0"]
[WhiteTitle "WFM"]
[WhiteElo "1957"]
[BlackElo "1600"]
[WhiteFideId "5309743"]
[BlackFideId "21524009"]
[EventDate "2025.12.29"]

1. e4 c5 2. Nf3 g6 3. d4 cxd4 4. Nxd4 Nc6 5. c4 Bg7 6. Be3 d6 7. Nc3 Nf6 8. f3
O-O 9. Be2 Be6 10. Nxe6 fxe6 11. O-O Rc8 12. Rc1 b6 13. Qd2 Re8 14. Nb5 Ne5 15.
Nd4 Qd7 16. b3 Nc6 17. Rfd1 e5 18. Nxc6 Qxc6 19. Qe1 Qb7 20. Qf1 Qc7 21. Rc2 Nd7
22. Qf2 Nc5 23. Qg3 Qd7 24. Rcd2 Qe6 25. Rc1 Qf7 26. b4 Ne6 27. a3 Nd4 28. Bd1
Rxc4 29. Rxc4 Qxc4 30. Bxd4 Qa6 31. Bb2 Rc8 32. Qg4 Rf8 33. Qe6+ Kh8 34. Qxe7
Qc4 35. Qxd6 b5 36. Bxe5 Qa2 37. Qxf8+ 1-0

[Event "World Blitz Women 2025"]
[Site "Doha QAT"]
[Date "2025.12.29"]
[Round "10.70"]
[White "Lau, Chloe Hailey"]
[Black "Abrar Mohammed Ahmad Almalki"]
[Result "1-0"]
[WhiteElo "1562"]
[BlackElo "1826"]
[WhiteFideId "6012469"]
[BlackFideId "21543143"]
[EventDate "2025.12.29"]

1. e4 e6 2. d4 d5 3. Nc3 c5 4. exd5 exd5 5. dxc5 d4 6. Ne4 Nc6 7. Nf3 Bf5 8. Ng3
Bg6 9. Bb5 Qa5+ 10. Bd2 Qxb5 11. b3 Bxc5 1-0

[Event "World Blitz Women 2025"]
[Site "Doha QAT"]
[Date "2025.12.30"]
[Round "11.1"]
[White "Roebers, Eline"]
[Black "Omonova, Umida"]
[Result "1/2-1/2"]
[WhiteTitle "IM"]
[BlackTitle "WIM"]
[WhiteElo "2396"]
[BlackElo "2294"]
[WhiteFideId "1058401"]
[BlackFideId "14210363"]
[EventDate "2025.12.29"]

1. e4 e5 2. Nf3 Nc6 3. d3 Nf6 4. Be2 g6 5. O-O Bg7 6. c3 O-O 7. b4 a6 8. a4 d5
9. Nbd2 Re8 10. Bb2 Bg4 11. h3 Bxf3 12. Bxf3 d4 13. Nb3 dxc3 14. Bxc3 Nd4 15.
Nxd4 exd4 16. Bd2 c6 17. g3 Nd7 18. Bg2 Rc8 19. Qb3 c5 20. b5 a5 21. Rac1 b6 22.
f4 Qe7 23. e5 Kh8 24. Bd5 Rf8 25. Rce1 c4 26. dxc4 Nc5 27. Qa3 Qd7 28. g4 Qe7
29. Re2 Qh4 30. Be1 Qe7 31. Bf2 d3 32. Rd2 f6 33. e6 Qd6 34. Bxc5 Rxc5 35. Rxd3
f5 36. g5 h6 37. h4 Re8 38. Qb3 Rc7 39. Qd1 Rce7 40. Qe2 Qc5+ 41. Qf2 Qb4 42.
Qxb6 Qxa4 43. Qc5 Qc2 44. Qe3 a4 45. b6 Qb2 46. c5 a3 47. Rf2 Qb1+ 48. Kg2 Rd8
49. Bc4 Rxd3 50. Qxd3 Qb4 51. Qd8+ 1/2-1/2

[Event "World Blitz Women 2025"]
[Site "Doha QAT"]
[Date "2025.12.30"]
[Round "11.2"]
[White "Assaubayeva, Bibisara"]
[Black "Goryachkina, Aleksandra"]
[Result "1-0"]
[WhiteTitle "GM"]
[BlackTitle "GM"]
[WhiteElo "2497"]
[BlackElo "2534"]
[WhiteFideId "13708694"]
[BlackFideId "4147103"]
[EventDate "2025.12.29"]

1. e4 e5 2. Nf3 Nc6 3. Bc4 Nf6 4. d3 Bc5 5. Nc3 h6 6. O-O O-O 7. a3 a6 8. Be3 d6
9. Bxc5 dxc5 10. Nd5 Re8 11. Ne3 Nd4 12. Nd2 b5 13. Ba2 Qd6 14. Kh1 Be6 15. a4
Rad8 16. Bxe6 Qxe6 17. b3 Qd7 18. f4 exf4 19. Rxf4 Qd6 20. Qf1 Qe5 21. Re1 c4
22. bxc4 bxa4 23. g3 Ne6 24. Rf2 a3 25. Nd5 Nh7 26. Ra1 Qb2 27. Qc1 Rb8 28. Rf1
Nd4 29. Rxa3 Nxc2 30. Rxa6 Qxc1 31. Rxc1 Nb4 32. Ra3 c6 33. Nxb4 Rxb4 34. Nf3
Nf6 35. Kg2 c5 36. Rac3 Ng4 37. h3 Rb2+ 38. Kg1 Ne5 39. Nxe5 Rxe5 40. R1c2 Rb1+
41. Kf2 Re6 42. Ra3 Rf6+ 43. Kg2 Rff1 44. Ra5 Rfd1 45. Rxc5 Rxd3 46. Rd5 Re3 47.
c5 Rbb3 48. c6 Rxg3+ 49. Kf2 Rxh3 50. Rdc5 Rbf3+ 51. Ke2 Rfg3 52. Kd2 Rg2+ 53.
Kc1 Rg1+ 54. Kb2 Rgg3 55. c7 Rb3+ 56. Kc1 Rh1+ 57. Kd2 Rh2+ 58. Ke1 Rh1+ 59. Kf2
Rh2+ 60. Kg1 Rhh3 61. c8=Q+ Kh7 62. Qf5+ 1-0

[Event "World Blitz Women 2025"]
[Site "Doha QAT"]
[Date "2025.12.30"]
[Round "11.3"]
[White "Stefanova, Antoaneta"]
[Black "Song, Yuxin"]
[Result "1/2-1/2"]
[WhiteTitle "GM"]
[BlackTitle "IM"]
[WhiteElo "2391"]
[BlackElo "2454"]
[WhiteFideId "2902257"]
[BlackFideId "8614300"]
[EventDate "2025.12.29"]

1. Nf3 Nf6 2. g3 g6 3. Bg2 Bg7 4. O-O O-O 5. d4 d6 6. a4 Nc6 7. a5 e5 8. dxe5
dxe5 9. Be3 e4 10. Qxd8 Rxd8 11. Nfd2 Ng4 12. Nxe4 Nxe3 13. fxe3 Bxb2 14. Ra2
Be5 15. a6 Rb8 16. axb7 Bxb7 17. Nc5 Nb4 18. Nxb7 Nxa2 19. Nxd8 Rxd8 20. Na3 Nc3
21. Bf3 f5 22. Nc4 Bg7 23. Kg2 h5 24. Ra1 Nb5 25. Ra5 Nd6 26. Nxd6 cxd6 27. Rxa7
Rc8 28. Bd5+ Kh7 29. c4 Kh6 30. Kf3 Rb8 31. Ra3 Rb1 32. h4 Rf1+ 33. Kg2 Re1 34.
Kf2 Rb1 35. e4 Bd4+ 36. e3 Bc5 37. Rd3 fxe4 38. Bxe4 Kg7 39. Bf3 Rb2+ 40. Be2
Kf6 41. Rd5 Rb3 42. Bd3 Rb2+ 43. Kf3 Rb3 44. Ke2 Rb2+ 45. Kf3 Rb3 46. Ke2 Rb2+ 1/2-1/2

[Event "World Blitz Women 2025"]
[Site "Doha QAT"]
[Date "2025.12.30"]
[Round "11.4"]
[White "Nurgaliyeva, Zarina"]
[Black "Garifullina, Leya"]
[Result "0-1"]
[WhiteTitle "WIM"]
[BlackTitle "IM"]
[WhiteElo "2305"]
[BlackElo "2454"]
[WhiteFideId "13730096"]
[BlackFideId "34127035"]
[EventDate "2025.12.29"]

1. e4 c5 2. c3 d5 3. exd5 Qxd5 4. d4 Nf6 5. Nf3 Nc6 6. Be3 cxd4 7. cxd4 e6 8.
Nc3 Qd6 9. h3 Be7 10. Bd3 O-O 11. O-O a6 12. Qe2 b5 13. Rfd1 Bb7 14. Ne4 Nxe4
15. Bxe4 Na5 16. Bxb7 Nxb7 17. Ne5 Na5 18. Qf3 Rac8 19. Rac1 f6 20. Nd3 Nc4 21.
b3 Nxe3 22. Qxe3 Rxc1 23. Rxc1 Rd8 24. Nc5 Rc8 25. Rd1 Rxc5 0-1

[Event "World Blitz Women 2025"]
[Site "Doha QAT"]
[Date "2025.12.30"]
[Round "11.5"]
[White "Muzychuk, Anna"]
[Black "Yip, Carissa"]
[Result "1/2-1/2"]
[WhiteTitle "GM"]
[BlackTitle "IM"]
[WhiteElo "2518"]
[BlackElo "2459"]
[WhiteFideId "14111330"]
[BlackFideId "2090732"]
[EventDate "2025.12.29"]

1. e4 e5 2. Nf3 Nc6 3. Nc3 Nf6 4. Bb5 Nd4 5. Nxe5 Nxb5 6. Nxb5 c6 7. Nc3 Bb4 8.
O-O O-O 9. d3 Re8 10. Nf3 d5 11. e5 d4 12. exf6 dxc3 13. fxg7 Qf6 14. bxc3 Bxc3
15. Rb1 b5 16. Bd2 Bg4 17. Bxc3 Qxc3 18. h3 Bh5 19. g4 Qxg7 20. Kh2 Bg6 21. Qd2
Qf6 22. Kg2 Rad8 23. Rfe1 Be4 24. Re3 Bd5 25. a3 Re6 26. c4 bxc4 27. Kg3 Rde8
28. Rbe1 cxd3 29. Rxd3 Rxe1 30. Nxe1 Qe5+ 31. Kh4 Qxe1 32. Qg5+ Kf8 33. Qh6+ Kg8
34. Qg5+ Kh8 35. Qf6+ Kg8 36. Qg5+ 1/2-1/2

[Event "World Blitz Women 2025"]
[Site "Doha QAT"]
[Date "2025.12.30"]
[Round "11.6"]
[White "Gunina, Valentina"]
[Black "Danielian, Elina"]
[Result "1-0"]
[WhiteTitle "GM"]
[BlackTitle "GM"]
[WhiteElo "2393"]
[BlackElo "2408"]
[WhiteFideId "4167570"]
[BlackFideId "13300210"]
[EventDate "2025.12.29"]

1. e4 d6 2. d4 g6 3. Nc3 Bg7 4. Be3 a6 5. a4 Nd7 6. Nf3 e6 7. Qd2 h6 8. Be2 Ne7
9. O-O b6 10. Rad1 Bb7 11. Rfe1 Nf6 12. Bd3 d5 13. Bf4 dxe4 14. Nxe4 Nxe4 15.
Bxe4 Bxe4 16. Rxe4 Nd5 17. Be5 O-O 18. c4 Ne7 19. Bxg7 Kxg7 20. Qf4 Qd7 21. h3
Qxa4 22. Rde1 Rad8 23. Ne5 c5 24. dxc5 bxc5 25. Ng4 Nf5 26. Qe5+ f6 27. Qxe6
Rde8 28. Qb6 Rxe4 29. Rxe4 h5 30. Nh2 Qd1+ 31. Nf1 Qd3 32. f3 Rf7 33. Qxc5 h4
34. Qf2 Rc7 35. Qd2 Qb1 36. Re1 Qa2 37. Re4 Qb1 38. Kf2 Rb7 39. Re2 a5 40. c5
Rc7 41. Qxa5 Rc8 42. Qa7+ Kh6 43. Qb6 Qc1 44. b4 Qc4 45. Qxf6 Qxb4 46. Qe5 Qxc5+
47. Qxc5 Rxc5 48. Nd2 Rc2 49. Ne4 Rxe2+ 50. Kxe2 g5 51. Kd3 Kg6 52. Nf2 Kf6 53.
Ke4 Nd6+ 54. Kd5 Nf5 55. Ng4+ Kg6 56. Ke6 Nd4+ 57. Ke5 Nc6+ 58. Ke4 Nb4 59. Ne5+
Kf6 60. Ng4+ Kg6 61. Ne3 Nc6 62. Nd5 Nd8 63. f4 Nf7 64. f5+ Kg7 65. Ne3 Kf6 66.
Ng4+ Kg7 67. Kd5 Nd8 68. Ke5 Kf7 69. Kd6 Nb7+ 70. Kd5 Nd8 71. Ke4 Nc6 72. Ne5+
Nxe5 73. Kxe5 Ke7 74. f6+ 1-0

[Event "World Blitz Women 2025"]
[Site "Doha QAT"]
[Date "2025.12.30"]
[Round "11.7"]
[White "Muzychuk, Mariya"]
[Black "Francisco Guecamburu, Candela Be"]
[Result "0-1"]
[WhiteTitle "GM"]
[BlackTitle "WGM"]
[WhiteElo "2475"]
[BlackElo "2238"]
[WhiteFideId "14114550"]
[BlackFideId "160911"]
[EventDate "2025.12.29"]

1. c4 e5 2. Nc3 Bb4 3. Nd5 a5 4. e3 Nf6 5. Nxb4 axb4 6. d4 exd4 7. exd4 d5 8.
Nf3 O-O 9. c5 Re8+ 10. Be2 Qe7 11. h3 b6 12. cxb6 cxb6 13. Be3 Nc6 14. O-O Ne4
15. Bb5 Bd7 16. Re1 Qd6 17. Bxc6 Bxc6 18. Ne5 Ba4 19. Qf3 f6 20. Nd3 Bb5 21. Bf4
Qf8 22. Rec1 Rec8 23. Bg3 Bxd3 24. Qxd3 Rxa2 25. Qb5 Rxa1 26. Qxd5+ Qf7 27.
Qxf7+ Kxf7 28. Rxa1 Rc2 29. Ra7+ Kg6 30. Rb7 Rxb2 31. Rxb6 b3 32. d5 Rb1+ 33.
Kh2 b2 34. d6 Nc3 35. d7 Rd1 36. Bd6 b1=Q 37. Rxb1 Rxd6 38. Rb3 Ne4 39. Re3 Nc5
40. g4 Nxd7 41. Kg3 Rd4 42. f4 Kf7 43. Ra3 g5 44. fxg5 fxg5 45. Ra5 h6 46. h4
Rd3+ 47. Kh2 Kg6 48. Ra6+ Nf6 49. hxg5 hxg5 50. Kg2 Rd4 51. Kf3 Rf4+ 52. Ke3
Rxg4 0-1

[Event "World Blitz Women 2025"]
[Site "Doha QAT"]
[Date "2025.12.30"]
[Round "11.8"]
[White "Khafizova, Diana"]
[Black "Nurman, Alua"]
[Result "1/2-1/2"]
[WhiteTitle "WFM"]
[BlackTitle "WGM"]
[WhiteElo "2234"]
[BlackElo "2367"]
[WhiteFideId "34378049"]
[BlackFideId "13729390"]
[EventDate "2025.12.29"]

1. d4 Nf6 2. c4 g6 3. Nc3 Bg7 4. e4 d6 5. Nf3 O-O 6. Be2 e5 7. O-O exd4 8. Nxd4
Re8 9. f3 Nc6 10. Be3 Nh5 11. Qd2 Nxd4 12. Bxd4 Nf4 13. Bxg7 Qg5 14. Kf2 Qh4+
15. Kg1 Qg5 16. Kf2 Qh4+ 17. Kg1 Qg5 18. Kf2 1/2-1/2

[Event "World Blitz Women 2025"]
[Site "Doha QAT"]
[Date "2025.12.30"]
[Round "11.9"]
[White "Lagno, Kateryna"]
[Black "Wang, Chuqiao"]
[Result "1-0"]
[WhiteTitle "GM"]
[BlackTitle "WIM"]
[WhiteElo "2508"]
[BlackElo "2235"]
[WhiteFideId "14109336"]
[BlackFideId "8631638"]
[EventDate "2025.12.29"]

1. e4 e6 2. d4 d5 3. Nc3 Nf6 4. e5 Nfd7 5. Nce2 c5 6. c3 Nc6 7. Nf3 Be7 8. a3
O-O 9. Nf4 cxd4 10. cxd4 Nb6 11. Bd3 f5 12. h4 Bd7 13. h5 Rc8 14. Kf1 Na5 15. b3
Nc6 16. Rg1 Kh8 17. g4 fxg4 18. Rxg4 Qe8 19. Be3 Rxf4 20. Bxf4 Qxh5 21. Rg3 Rf8
22. Be3 Na5 23. Kg2 h6 24. Bg6 1-0

[Event "World Blitz Women 2025"]
[Site "Doha QAT"]
[Date "2025.12.30"]
[Round "11.10"]
[White "Badelka, Olga"]
[Black "Shuvalova, Polina"]
[Result "1-0"]
[WhiteTitle "IM"]
[BlackTitle "IM"]
[WhiteElo "2395"]
[BlackElo "2502"]
[WhiteFideId "13509926"]
[BlackFideId "24171760"]
[EventDate "2025.12.29"]

1. d4 Nf6 2. Nf3 d5 3. e3 c5 4. b3 Nc6 5. Bb2 cxd4 6. exd4 Bf5 7. Be2 e6 8. O-O
Be7 9. c4 O-O 10. Nc3 Rc8 11. Rc1 h6 12. c5 b6 13. Ba6 Rb8 14. Bb5 Qc7 15. Bxc6
Qxc6 16. Ne5 Qb7 17. c6 Qa6 18. a4 Qc8 19. Nb5 a6 20. c7 Ra8 21. Nc6 Qd7 22.
Nxe7+ Qxe7 23. Ba3 Qd7 24. Bxf8 axb5 25. Bd6 bxa4 26. bxa4 Ne8 27. Bg3 Rc8 28.
Qb3 Nd6 29. Qxb6 Nc4 30. Qb5 Qe7 31. a5 h5 32. h4 Bd3 33. Qb8 Qe8 34. Rfd1 e5
35. Qb7 Nxa5 36. Qxd5 Bb5 37. Qxe5 Qd7 38. Re1 Nb3 39. Rcd1 Bc4 40. Qe7 Qc6 41.
Qd8+ 1-0

[Event "World Blitz Women 2025"]
[Site "Doha QAT"]
[Date "2025.12.30"]
[Round "11.11"]
[White "Kamalidenova, Meruert"]
[Black "Arabidze, Meri"]
[Result "0-1"]
[WhiteTitle "IM"]
[BlackTitle "IM"]
[WhiteElo "2366"]
[BlackElo "2413"]
[WhiteFideId "13712802"]
[BlackFideId "13604040"]
[EventDate "2025.12.29"]

1. e4 d6 2. d4 Nf6 3. Bd3 e5 4. c3 d5 5. dxe5 Nxe4 6. Nf3 Nc5 7. Bc2 Bg4 8. O-O
Nc6 9. Re1 Ne6 10. h3 Bh5 11. Nbd2 Bc5 12. Nf1 O-O 13. Ng3 Bg6 14. Be3 Bb6 15.
Qd2 d4 16. Nxd4 Nexd4 17. Bxd4 Nxd4 18. cxd4 Qxd4 19. Qe2 Rfe8 20. Bb3 Qf4 21.
Nf1 Re7 22. Nd2 Rae8 23. Nc4 Bd4 24. Rad1 c5 25. g3 Qxg3+ 26. Kf1 Qxh3+ 27. Kg1
Bh5 28. Qd3 Bf3 0-1

[Event "World Blitz Women 2025"]
[Site "Doha QAT"]
[Date "2025.12.30"]
[Round "11.12"]
[White "Shukhman, Anna"]
[Black "Salimova, Nurgyul"]
[Result "1/2-1/2"]
[WhiteTitle "WGM"]
[BlackTitle "IM"]
[WhiteElo "2431"]
[BlackElo "2396"]
[WhiteFideId "54180058"]
[BlackFideId "2915138"]
[EventDate "2025.12.29"]

1. e4 e5 2. d4 exd4 3. Qxd4 Nc6 4. Qe3 Nf6 5. Bd2 Be7 6. Nc3 d5 7. exd5 Nxd5 8.
Nxd5 Qxd5 9. Ne2 O-O 10. Nf4 Qc5 11. O-O-O Bf5 12. Bd3 Bxd3 13. Qxc5 Bxc5 14.
Nxd3 Bb6 15. Bc3 Rfe8 16. Rhe1 f6 17. f3 Kf7 18. b4 Rad8 19. a4 a6 20. Kb2 g5
21. h4 h6 22. hxg5 hxg5 23. g4 Bd4 24. f4 Bxc3+ 25. Kxc3 Rxe1 26. Rxe1 gxf4 27.
Rf1 Ne5 28. Rxf4 Nxd3 29. cxd3 Ke6 1/2-1/2